000 00277nam a2200121Ia 4500
008 190216s9999||||xx |||||||||||||| ||und||
100 _aShailendra Sengar
245 0 _aHinidi - Bharat Gyan Koshi
260 _bPrakasan
_c2011
300 _a264
650 _aHindi
942 _cBK
999 _c16854
_d16854